Herman Melville : a biography /

Guardat en:
Dades bibliogràfiques
Autor principal: Howard, Leon
Format: Llibre
Idioma:English
Publicat: Berkeley, Calif : University of California Press, c1951.
Matèries:
LEADER 00755nam a2200205 i 4500
001 c000333505
003 CARM
005 00000000000000.0
008 791221s1951 us 00000 eng d
019 1 |a 1573769  |z 48080102  |5 LACONCORD2021 
035 |a (OCoLC)4072600  |5 LACONCORD2021 
082 0 4 |a 813.36 
100 1 |a Howard, Leon. 
245 1 0 |a Herman Melville :  |b a biography /  |c by Leon Howard. 
260 |a Berkeley, Calif :  |b University of California Press,  |c c1951. 
300 |a xi, 354 p. 
600 1 0 |a Melville, Herman. 
852 8 |b CARM  |h A1:AM31D0  |i C10237  |p 0438360  |f BK 
999 f f |i 499ca345-a654-598f-ac9a-91169dedff55  |s 930ea4a2-36c8-5cf6-adf1-bff4928d93cd 
952 f f |p Can circulate  |a CAVAL  |b CAVAL  |c CAVAL  |d CARM 1 Store  |e C10237  |f A1:AM31D0  |h Other scheme  |i book  |m 0438360